Daniel Kahneman a psychologické základy ekonomie
Nobelovu cenu za ekonómiu za rok 2002 si rozdelili Vernon Smith a Daniel Kahneman za integráciu poznatkov psychologického výskumu do ekonomickej vedy. Stručný pohľad na život Daniela Kahnemana. Kahnemanov prínos k teórii poznania ľudského rozhodovania ako psychologického základu ekonomických teóri...
Salvato in:
| Autore principale: | |
|---|---|
| Natura: | Capitolo di libro |
| Lingua: | ceco |
| Soggetti: | |
| Tags: |
Nessun Tag, puoi essere il primo ad aggiungerne!!
|
MARC
| LEADER | 00000naa$a2200000$$$4500 | ||
|---|---|---|---|
| 001 | 0007626 | ||
| 005 | 20231019125453.6 | ||
| 041 | 0 | |a cze | |
| 044 | |a CZ | ||
| 245 | 1 | 0 | |a Daniel Kahneman a psychologické základy ekonomie |c Michal Skořepa |
| 520 | |a Nobelovu cenu za ekonómiu za rok 2002 si rozdelili Vernon Smith a Daniel Kahneman za integráciu poznatkov psychologického výskumu do ekonomickej vedy. Stručný pohľad na život Daniela Kahnemana. Kahnemanov prínos k teórii poznania ľudského rozhodovania ako psychologického základu ekonomických teórií. | ||
| 610 | 2 | 0 | |a psychológia |
| 610 | 2 | 0 | |a životopisy |
| 610 | 2 | 0 | |a ekonómia |
| 610 | 2 | 0 | |a riziko |
| 610 | 2 | 0 | |a správanie |
| 610 | 2 | 0 | |a heuristika |
| 610 | 2 | 0 | |a Nobelova cena |
| 610 | 2 | 0 | |a Kahneman, D. |
| 100 | 1 | |a Skořepa, Michal | |